000 00865nam a22002777a 4500
001 BR9101451
003 BR-BrBNA
005 20230928093543.0
007 ta
008 230509b bl.||||| |||| 00| 0 por d
040 _aBR-BrBNA
_bpor
_cBiblioteca Nacional de Agricultura
041 _a(Por)
072 _aK01; E20
_b/G514
090 _ K01 BR9101451
110 1 _aInstituto Brasileiro de Desenvolvimento Florestal, Brasilia, DF (Brasil)
_95727
245 1 _aRelatorio de atividades do Instituto Brasileiro de Desenvolvimento Florestal - 1. Semestre de 1984
260 3 _aBrasilia, DF (Brasil):
_c1984.
300 _a67 p.
500 _a30 tables
650 _aDESENVOLVIMENTO FLORESTAL
650 _aPROJETO DE DESENVOLVIMENTO
650 _aPESQUISA FLORESTAL
650 _aRECURSO ECONOMICO
909 _a202309
_bLucia
_c55
_dLucia Elande
942 _cBK
999 _c45664
_d45664